| 000 | 00380 a2200133 4500 | ||
|---|---|---|---|
| 020 | _a0727731467 | ||
| 082 | _a624.3 ROS | ||
| 082 | 0 | 4 |
_a624.3 _bROS |
| 100 | _aRosignoli, Marco. | ||
| 245 |
_aBridge launching / _cMarco Rosignoli. |
||
| 260 |
_aLondon : _bThomas Telford, _c2002. |
||
| 300 |
_axvi, 342 p. : _bill. ; _c25 cm. |
||
| 650 |
_aBridges _xDesign and construction. |
||
| 650 | _aPrestressed construction. | ||
| 999 |
_c1451 _d1451 |
||